000 00764nam a2200253Ia 4500
003 OSt
005 20220925185233.0
006 a|||||r|||| 00| 0
007 ta
008 220923b |||||||| |||| 00| 0 eng d
037 _cGeneral Book
040 _aRTL
_cRTL
_beng
041 _2eng
_aeng
082 _aU218, N0
100 _aKnuepfer P L K Ed.
245 0 _aSoils and land scape evolution
_b Proceedings
260 _aAmsterdam
_bElsevier
_c1990
300 _aviii,575p.
_ccm.
490 _aBinghamton Symposium In Geomorphology International Series, 21
650 _aGeomorphology
700 _a McFadden L D Ed.
_9233538
942 _hU218, N0
_cGB
_2CC
999 _c510259
_d510259